000 00291 a2200157 4500
001 163175
020 _a
040 _cMagnum
100 _aGenofre, Godofredo
240 1 0 _aO polvo
_lpor
245 1 0 _aO polvo
362 0 _a1899
440 1 _aFTD
697 _aI/ANIMAIS
942 _cBK
999 _c163175
_d163175